[Event "45th Olympiad 2024"]
[Site "Budapest HUN"]
[Date "2024.09.22"]
[Round "11.37"]
[Board "3"]
[White "Heimisson, Hilmir Freyr"]
[Black "Taieb, Sahbi"]
[Result "1-0"]
[WhiteElo "2391"]
[BlackElo "2118"]
[PlyCount "79"]
[EventDate "2024.09.11"]
[WhiteTeam "Iceland"]
[BlackTeam "Tunisia"]
[WhiteTeamCountry "ISL"]
[BlackTeamCountry "TUN"]

1. Nf3 c5 2. c4 Nc6 3. Nc3 g6 4. e3 Bg7 5. d4 cxd4 6. exd4 d6 7. Be2 Nf6 8. d5 Nb8 9. h3 ({RR} 9. O-O O-O 10. Re1 Bg4 11. Nd4 Bxe2 12. Qxe2 Re8 13. Be3 Nbd7 14. Rac1 a6 15. h3 Rc8 16. b3 Qa5 17. Qd2 Nc5 18. Bg5 Qb4 19. Re2 Nfe4 20. Nxe4 Qxd2 21. Bxd2 Bxd4 22. Nxc5 Rxc5 23. Rce1 Rc7 {½-½ Grigoriants,S (2561)-Guseinov,G (2646) Wch Blitz Riadh 2017 (2)}) 9... O-O 10. O-O Nbd7 11. Nd4 Nb6 $146 ({RR} 11... a6 12. Be3 Qc7 13. Rc1 b6 14. b4 Bb7 15. Qb3 Rfc8 16. a3 Qd8 17. Rfe1 Rc7 18. Bf3 Rac8 19. Nc6 Bxc6 20. dxc6 Ne5 21. Bxb6 Nxf3+ 22. gxf3 e6 23. Kf1 Nh5 24. Bxc7 Rxc7 25. Ne4 Rxc6 26. Rcd1 {1-0 Vila Dupla,A (2042)-Oliveira,T (1982) Titled Tue 23rd Jul Late 2024 (7)}) ({RR} 11... Ne5 12. Be3 a6 13. Rc1 Qa5 14. Rb1 Qc7 15. Qb3 Nfd7 16. f4 Nc5 17. Qc2 b6 18. b4 Ncd7 19. fxe5 Nxe5 20. Rbc1 Nxc4 21. Bxc4 Qxc4 22. Nc6 Qh4 23. Bf2 Qg5 24. Ne4 Qh5 25. Nxe7+ Kh8 26. Nxc8 {1-0 Vila Dupla,A (2030)-Marin Masis,J (1938) Titled Tue 18th Apr Late 2023 (11)}) ({RR} 11... a5 12. b3 Nc5 13. Bf3 Bd7 14. Be3 Qc8 15. Rc1 Bf5 16. Re1 Bd7 17. Qd2 Re8 18. Bf4 Qd8 19. Ndb5 Bxb5 20. Nxb5 Na6 21. Kh1 Nd7 22. Be2 Nc7 23. Nd4 Nc5 24. Bf1 N7a6 25. g4 Qb6 26. Nb5 {1-0 Arsovic,Z (2433)-Velickovic,S (2293) SRB-chT Ruma 2017 (9.6)}) 12. Be3 Bd7 13. Rc1 Qc8 14. b3 Be8 15. Re1 Nfd7 16. Qd2 a5 17. Bg5 f6 18. Bh4 Nc5 19. Bd1 Qd8 20. a3 Bf7 21. Ncb5 Nbd7 22. b4 axb4 23. axb4 Na6 24. Bb3 Re8 25. f4 Bh6 26. Bf2 Rc8 27. Re2 Nc7 28. Nc3 Na6 29. Ne4 Qb6 30. Nf5 gxf5 31. Bxb6 fxe4 32. Bd4 f5 33. g4 fxg4 34. hxg4 Ne5 35. Bxe5 dxe5 36. g5 e3 37. Rxe3 exf4 38. gxh6 fxe3 39. Qd4 e5 40. dxe6 1-0

[Event "45th Olympiad 2024"]
[Site "Budapest HUN"]
[Date "2024.09.22"]
[Round "11.37"]
[Board "4"]
[White "Amdouni, Zoubaier"]
[Black "Gretarsson, Helgi Ass"]
[Result "0-1"]
[WhiteElo "2151"]
[BlackElo "2450"]
[PlyCount "150"]
[EventDate "2024.09.11"]
[WhiteTeam "Tunisia"]
[BlackTeam "Iceland"]
[WhiteTeamCountry "TUN"]
[BlackTeamCountry "ISL"]

1. e4 d6 2. Nc3 Nf6 3. f4 g6 4. Bc4 ({RR} 4. e5 dxe5 5. fxe5 Nd5 6. Bc4 Be6 7. Qf3 c6 8. Nge2 Bg7 9. d4 O-O 10. O-O Nxc3 11. Qxc3 Bxc4 12. Qxc4 Qd5 13. Qb4 c5 14. dxc5 Na6 15. Qd4 Qxd4+ 16. Nxd4 Bxe5 17. Nb3 Nxc5 18. Nxc5 Bd4+ {0-1 Vlassov,N (2299)-Martin Barcelo,C (2234) Titled Tue 2nd Jul Late 2024 (11)}) 4... c6 ({RR} 4... Bg7 5. e5 Nfd7 6. e6 fxe6 7. Bxe6 Nf6 8. Bb3 d5 9. Nf3 c6 10. d4 O-O 11. O-O Na6 12. h3 Nc7 13. Be3 Bf5 14. g4 Bd7 15. Ne5 e6 16. Qf3 Qe7 17. Rae1 Rae8 18. Qg2 Bc8 19. Ne2 {½-½ Short,N (2684)-Sokolov,A (2583) EU-ch Internet final blitz 2004 (1.3)}) 5. Bb3 d5 $146 ({RR} 5... Bg7 6. d4 O-O 7. Nf3 Bg4 8. O-O b5 9. h3 Bxf3 10. Qxf3 Qc7 11. Be3 Nbd7 12. e5 dxe5 13. fxe5 Ne8 14. Bxf7+ Kh8 15. Qe4 Nb6 16. Qh4 Rd8 17. Bxg6 {1-0 Arjmand,E-Winograd,B California op 1992}) ({RR} 5... Bg4 6. Nf3 Nbd7 7. h3 Bxf3 8. Qxf3 Bg7 9. d4 e5 10. dxe5 dxe5 11. f5 Nc5 12. O-O Nxb3 13. axb3 O-O 14. g4 Nd7 15. Be3 g5 16. f6 Qxf6 17. Qxf6 Nxf6 18. Bxg5 Nd7 19. Rad1 Nb6 20. Na4 {½-½ Khaetsky,R (2379)-Kravchenko,O (2189) Dnipropetrovsk Sinitsin Memorial 2007 (5)}) 6. e5 Bg4 7. Nf3 Nfd7 8. h3 Bxf3 9. Qxf3 e6 10. d3 h5 11. Bd2 h4 12. Nd1 a5 13. c3 a4 14. Bc2 c5 15. Ne3 Nc6 16. O-O Be7 17. a3 Nb6 18. Rae1 Qc7 19. Ng4 Na5 20. Qd1 Qc6 21. Nh2 Qb5 22. Bc1 Nb3 23. Be3 Na5 24. Bc1 Nc6 25. Nf3 Bd8 26. Ng5 Ne7 27. d4 Nc4 28. dxc5 Nxb2 29. Bxb2 Qxb2 30. Bxa4+ Kf8 31. Bd7 Qxa3 32. Qd4 Nf5 33. Qb4 Bxg5 34. fxg5 Ke7 35. Bb5 Qxb4 36. cxb4 Ra3 37. Ra1 Rha8 38. Rxa3 Rxa3 39. Rb1 Nd4 40. Bf1 Kd8 41. Rd1 Nc6 42. b5 Nxe5 43. Rd4 Rxh3 44. Rxd5+ exd5 45. gxh3 Nf3+ 46. Kf2 Nxg5 47. Bg2 Ne4+ 48. Ke3 Nxc5 49. Bxd5 Ke7 50. b6 f5 51. Kd4 Kd6 52. Kc4 Nd7 53. Kd4 Nxb6 54. Bxb7 Nd7 55. Bf3 Nc5 56. Be2 Ne6+ 57. Ke3 Ke5 58. Bf1 g5 59. Bg2 Nf4 60. Bf1 g4 61. hxg4 fxg4 62. Kf2 Ke4 63. Bb5 Nd3+ 64. Kg2 Ne5 65. Ba6 Kf4 66. Bc8 Nc4 67. Bd7 Ne3+ 68. Kh2 Nd5 69. Kg2 Nf6 70. Bc8 Kg5 71. Bb7 h3+ 72. Kg3 Nh5+ 73. Kh2 Kh4 74. Bc6 Nf6 75. Bb7 g3+ 0-1

[Event "45th Olympiad 2024"]
[Site "Budapest HUN"]
[Date "2024.09.22"]
[Round "11.38"]
[Board "1"]
[White "Chinguun, Sumiya"]
[Black "Araujo Sanchez, Josue"]
[Result "1-0"]
[WhiteElo "2389"]
[BlackElo "2296"]
[PlyCount "143"]
[EventDate "2024.09.11"]
[WhiteTeam "Mongolia"]
[BlackTeam "Dominican Republic"]
[WhiteTeamCountry "MGL"]
[BlackTeamCountry "DOM"]

1. e4 c5 2. Nf3 Nc6 3. d4 cxd4 4. Nxd4 Qc7 5. Nc3 e6 6. a3 Nf6 7. Be3 a6 8. f4 d6 9. Qf3 Bd7 10. O-O-O Rc8 ({RR} 10... h5 11. g3 Rc8 12. h3 b5 13. Kb1 b4 14. axb4 Nxb4 15. Rh2 Qb7 16. Bg1 e5 17. Nb3 Be7 18. fxe5 dxe5 19. Rhd2 O-O 20. Qe3 Be6 21. Qa7 Qxa7 22. Bxa7 Rxc3 23. bxc3 Nc6 24. Bc5 Nxe4 25. Bxe7 {½-½ Abdusattorov,N (2677)-Andreikin,D (2729) Chess.com Rapid Winners 2022 (1.2)}) 11. h3 $146 ({RR} 11. Kb1 b5 12. Bd3 Be7 13. Qg3 O-O 14. Rhe1 g6 15. Nxc6 Bxc6 16. f5 e5 17. Bg5 Nh5 18. Qh4 Bxg5 19. Qxg5 f6 20. Qg4 Qf7 21. Be2 Rcd8 22. Bf3 Ng7 23. Nd5 Bd7 24. Ne3 Bc6 25. Qh3 gxf5 {1-0 Stefansson,H (2538)-Ameir,M (2308) Sousse Go Makkah op 2019 (8)}) ({RR} 11. g4 Nxd4 12. Rxd4 d5 13. exd5 Nxd5 14. Rc4 Bc6 15. Nxd5 exd5 16. Rd4 Bc5 17. Bd3 O-O 18. Qh3 g6 19. f5 Rfe8 20. f6 Qe5 21. Bf4 Qxd4 22. Bg5 Bb5 23. Bxg6 hxg6 24. Bh6 Re2 25. Kb1 Rxc2 {0-1 Bolat,I (2208)-Lazavik,D (2572) Titled Tue 16th Apr Early 2024 (1)}) ({RR} 11. Kb1 b5 12. Nxc6 Bxc6 13. g4 Bxe4 14. Nxe4 Qxc2+ 15. Ka2 Qxe4 16. Qxe4 Nxe4 17. Bg2 d5 18. f5 Bc5 19. Bxe4 Bxe3 20. Bxd5 exf5 21. gxf5 O-O 22. Bb7 Rb8 23. Bd5 Bg5 24. Bb3 a5 25. Rd7 a4 {½-½ Seemann,J (2441)-Lazavik,D (2566) Titled Tue 19th Dec Late 2023 (3)}) 11... Nxd4 12. Bxd4 Qa5 13. Qe3 e5 14. Bb6 Rxc3 15. bxc3 Qxa3+ 16. Kd2 Qa4 17. Bd3 Qc6 18. Ba5 Be7 19. fxe5 dxe5 20. Bb4 Be6 21. Bxe7 Kxe7 22. Rb1 Rc8 23. Ke2 Rc7 24. Qb6 Qxc3 25. Qb4+ Qxb4 26. Rxb4 Ne8 27. Rhb1 Nd6 28. Rb6 Bd7 29. Kf3 Bc6 30. g4 Nb5 31. c4 Nd4+ 32. Ke3 Ne6 33. Rd1 Rd7 34. Bc2 Rxd1 35. Bxd1 Kd6 36. Be2 Kc5 37. Rb1 Ng5 38. Ra1 f6 39. h4 Ne6 40. g5 fxg5 41. Bg4 Nd4 42. Ra5+ Kd6 43. hxg5 Nb3 44. Ra2 Nc5 45. Bf5 g6 46. Rh2 gxf5 47. exf5 Ke7 48. Rxh7+ Kf8 49. g6 Be8 50. Rh8+ Ke7 51. g7 Bf7 52. g8=Q Bxg8 53. Rxg8 Kf6 54. Rf8+ Kg5 55. Rc8 b6 56. Rc6 Kxf5 57. Rxb6 Ne6 58. Rxa6 Nd4 59. c5 Nc2+ 60. Kd2 Nd4 61. Kc3 Ne6 62. c6 Nc7 63. Ra1 e4 64. Rd1 Ke6 65. Rd7 Nb5+ 66. Kc4 e3 67. Kd3 Nd6 68. Kxe3 Nc4+ 69. Kd4 Ne5 70. Re7+ Kxe7 71. Kxe5 Ke8 72. Ke6 1-0

[Event "45th Olympiad 2024"]
[Site "Budapest HUN"]
[Date "2024.09.22"]
[Round "11.38"]
[Board "2"]
[White "Camacho Campusano, David Daniel"]
[Black "Baasansuren, Erdene"]
[Result "0-1"]
[WhiteElo "2219"]
[BlackElo "2368"]
[PlyCount "84"]
[EventDate "2024.09.11"]
[WhiteTeam "Dominican Republic"]
[BlackTeam "Mongolia"]
[WhiteTeamCountry "DOM"]
[BlackTeamCountry "MGL"]

1. e4 c5 2. Nf3 d6 3. c3 Nf6 4. Be2 Nbd7 5. Qc2 Qc7 6. O-O b6 7. Re1 ({RR} 7. c4 Bb7 8. Nc3 e6 9. d4 cxd4 10. Nxd4 a6 11. Be3 Be7 12. Rac1 O-O 13. f3 Rac8 14. Rfd1 Rfe8 15. Bf1 Qb8 16. Qf2 Bd8 17. Rc2 Bc7 18. g3 Bd8 19. b3 h6 20. g4 Ne5 21. h3 Ng6 {0-1 Azmaiparashvili,Z (2655)-Kasparov,G (2805) London m2 blitz 1993}) ({RR} 7. c4 Bb7 8. Nc3 e6 9. b3 Be7 10. Bb2 O-O 11. Rad1 e5 12. h3 g6 13. Nh2 Ne8 14. Ng4 Ng7 15. Ne3 Ne6 16. Ncd5 Bxd5 17. Nxd5 Qd8 18. f4 Nxf4 19. Nxf4 exf4 20. Rxf4 Bg5 21. Rff1 Ne5 {0-1 Sezdbekov,R (2283)-Kabilov,A (2200) MSU Cup 2024 (8.10)}) 7... Bb7 8. Bb5 $146 ({RR} 8. Bf1 g6 9. a4 Bg7 10. a5 O-O 11. a6 Bc6 12. d4 e6 13. Na3 Rac8 14. Nb5 Bxb5 15. Bxb5 cxd4 16. Nxd4 d5 17. Nc6 Nb8 18. Nxb8 Rxb8 19. exd5 Nxd5 20. Qe4 Qc5 21. Bf1 Rfd8 22. Bg5 Rd7 {0-1 Lagos Lejarraga,J (2104)-Forgas Moreno,Y (2272) San Sebastian Gros op 29th 2019 (9)}) ({RR} 8. Bf1 e6 9. d4 cxd4 10. Nxd4 a6 11. c4 Be7 12. Nc3 O-O 13. Kh1 Rfc8 14. f4 e5 15. Nf5 Bf8 16. Qf2 Nc5 17. Ng3 Ng4 18. Qe2 exf4 19. Bxf4 Ne5 20. Rad1 g6 21. b3 Bg7 22. Qd2 Rd8 {½-½ Macias Murillo,B (2333)-Sakr,N (2121) Olympiad-38 Dresden 2008 (5)}) ({RR} 8. Bf1 g6 9. d3 Bg7 10. a4 a6 11. Bg5 O-O 12. Nbd2 Rfe8 13. Qb3 d5 14. e5 Ng4 15. d4 f6 16. Bf4 fxe5 17. Bg3 Qc6 18. h3 Nh6 19. Nxe5 Nxe5 20. Bxe5 Bxe5 21. Rxe5 Nf7 22. Re3 c4 {½-½ Jovanovic,Z (2470)-Ruck,T (2348) Szombathely op 2004 (9)}) 8... e6 9. c4 Be7 10. Nc3 O-O 11. Bxd7 Nxd7 12. d3 a6 13. a3 Bf6 14. Bf4 h6 15. Rab1 Rac8 16. Qd2 Kh7 17. h3 Ne5 18. Nxe5 Bxe5 19. Bxe5 dxe5 20. Qe3 Rfd8 21. Rbd1 Bc6 22. g3 Be8 23. f4 b5 24. cxb5 axb5 25. Rd2 f6 26. Rc1 Qd6 27. Ne2 Bh5 28. g4 Bf7 29. Kf2 c4 30. d4 exf4 31. Qxf4 e5 32. Qg3 Bg6 33. Rcd1 Bxe4 34. dxe5 Qc5+ 35. Qe3 Rxd2 36. Rxd2 Qxe5 37. Rd4 Qh2+ 38. Ke1 Bg6 39. Qg3 Qh1+ 40. Kd2 Re8 41. h4 Qb1 42. Qc3 Qf1 0-1

[Event "45th Olympiad 2024"]
[Site "Budapest HUN"]
[Date "2024.09.22"]
[Round "11.38"]
[Board "3"]
[White "Munkhdalai, Amilal"]
[Black "Jimenez Jimenez, Leandro"]
[Result "1-0"]
[WhiteElo "2374"]
[BlackElo "2188"]
[PlyCount "56"]
[EventDate "2024.09.11"]
[WhiteTeam "Mongolia"]
[BlackTeam "Dominican Republic"]
[WhiteTeamCountry "MGL"]
[BlackTeamCountry "DOM"]

1. e4 e5 2. Nf3 Nf6 3. d4 Nxe4 4. Bd3 d5 5. dxe5 Nc6 6. O-O Bg4 7. Nc3 Nxc3 8. bxc3 Be7 ({RR} 8... Bc5 9. Re1 O-O 10. h3 Bh5 11. Rb1 f6 12. e6 Qd6 13. Rxb7 Ne5 14. Be2 Qxe6 15. Rb5 Qd6 16. Nxe5 Bxe2 17. Qxe2 fxe5 18. Be3 Bb6 19. Bxb6 axb6 20. c4 c6 21. Rxb6 Qc5 22. Rb7 e4 23. cxd5 {½-½ Vachier Lagrave,M (2761)-Yu,Y (2713) Belgrade FIDE GP 2 Pool-D 2022 (5)}) 9. Re1 O-O 10. h3 ({RR} 10. Rb1 b6 11. h3 Be6 12. Nd4 Nxd4 13. cxd4 Qd7 14. c3 Bf5 15. Rb2 Bxd3 16. Qxd3 c5 17. Rbe2 cxd4 18. cxd4 Rac8 19. Bb2 Rc4 20. e6 fxe6 21. Rxe6 Bh4 22. g3 Bf6 23. Ba3 Rfc8 24. Qf5 R4c7 {1-0 Nothnagel,M (2410)-Konopka,M (2325) 11th Prague Summer Open 2024 (6.1)}) 10... Bh5 11. g4 $146 ({RR} 11. Rb1 Bc5 12. Rxb7 Bb6 13. Ba3 Re8 14. Bb5 Bxf3 15. Qxf3 Nxe5 16. Qd1 Re6 17. Re2 Nc4 18. Bxc4 dxc4 19. Rd2 Qe8 20. Qf3 Rd8 21. Rd5 h6 22. Rf5 Rd2 23. Bc5 Rg6 24. Kh2 Rd7 {½-½ Shcherbin,M (2233)-Sergeev,A (2396) Salekhard 2008 (3)}) ({RR} 11. Rb1 b6 12. Bf5 Bg6 13. g4 Bc5 14. Qd3 Ne7 15. Bg5 Bxf5 16. gxf5 Qd7 17. Bxe7 Bxe7 18. Kh2 Kh8 19. Rg1 c5 20. c4 Rad8 21. Rbd1 f6 22. e6 Qc7+ 23. Kh1 Qf4 24. cxd5 c4 25. Qe3 Qxf5 {1-0 Ganguly,S (2631)-Bluvshtein,M (2548) Edmonton op 3rd 2008 (6)}) ({RR} 11. Bf5 Bc5 12. Qd3 Bg6 13. Bxg6 hxg6 14. Nd4 Qe7 15. Bf4 Bb6 16. Bg3 Nd8 17. c4 dxc4 18. Qxc4 Bxd4 19. Qxd4 Ne6 20. Qc3 Rfd8 21. Rab1 b6 22. Red1 Rxd1+ 23. Rxd1 Rd8 24. Rxd8+ Qxd8 25. Kh2 Qd4 {0-1 Kiuttu,R (2107)-Bispo,L (2131) Dos Hermanas Internet qual-E 10th blitz 2009 (12)}) 11... Bg6 12. Rb1 Rb8 13. Bxg6 hxg6 14. Rb5 Qc8 15. Rxd5 Qe6 16. Ng5 Bxg5 17. Bxg5 Rfe8 18. Re3 b5 19. Qd3 Na5 20. f4 Nc4 21. Re2 f6 22. Bxf6 Nb6 23. Rc5 Nd7 24. Qxg6 Re7 25. f5 Qb6 26. Bxe7 Nxc5 27. Qxb6 axb6 28. Bxc5 bxc5 1-0

[Event "45th Olympiad 2024"]
[Site "Budapest HUN"]
[Date "2024.09.22"]
[Round "11.38"]
[Board "4"]
[White "Mendez Ramirez, Victor"]
[Black "Itgelt, Khuyagtsogt"]
[Result "0-1"]
[WhiteElo "2191"]
[BlackElo "2412"]
[PlyCount "70"]
[EventDate "2024.09.11"]
[WhiteTeam "Dominican Republic"]
[BlackTeam "Mongolia"]
[WhiteTeamCountry "DOM"]
[BlackTeamCountry "MGL"]

1. d4 Nf6 2. c4 e6 3. g3 d5 4. Bg2 Bb4+ 5. Bd2 Be7 6. Nf3 O-O 7. O-O c6 8. Qc2 a5 9. Bf4 Nbd7 10. Rd1 a4 11. Nc3 dxc4 12. e4 ({RR} 12. Nd2 Nb6 13. e4 a3 14. b3 cxb3 15. Qxb3 Nbd7 16. Nf3 Qa5 17. Rab1 h6 18. Qc2 Qh5 19. h3 g5 20. Be3 Qg6 21. Qc1 Ra6 22. h4 Ng4 23. hxg5 Nxe3 24. Qxe3 hxg5 25. e5 Rb6 26. Bf1 Kg7 {0-1 Gupta,A (2601)-Maghsoodloo,P (2732) Vladimir Dvorkovich Open 2024 (7.1)}) 12... Qa5 13. a3 h6 14. Rac1 $146 ({RR} 14. Qe2 Qa6 15. h3 Re8 16. g4 Nh7 17. Kh1 b5 18. e5 Bb7 19. h4 c5 20. d5 exd5 21. Nxd5 Bxd5 22. Rxd5 Qe6 23. Nh2 Nb6 24. Rdd1 Rad8 25. Bg3 f6 26. f4 fxe5 27. f5 Qc8 28. Nf3 Bf6 {½-½ Stella,A (2448)-Kogan,A (2476) San Cristobal de La Laguna op 4th 2022 (6)}) ({RR} 14. Qe2 Nb6 15. Ne5 Nfd7 16. Ng4 f6 17. Bd2 Rf7 18. Nd5 Qb5 19. Nc7 Qb3 20. Nxa8 Nxa8 21. Bc3 Ndb6 22. d5 e5 23. Ne3 Bd7 24. d6 Bf8 25. f4 Qb5 26. Bf3 Be6 27. fxe5 fxe5 28. Kg2 Nc8 {1-0 Vantika,A (2428)-Wang Chen (2477) 56th Biel Master Open 2023 (8.12)}) 14... Re8 15. Qe2 b5 16. h4 Bb7 17. Bd2 Qb6 18. Be3 c5 19. d5 exd5 20. Nxd5 Nxd5 21. exd5 Nf6 22. Ne5 Bf8 23. Ng4 Rad8 24. Nxf6+ Qxf6 25. Qd2 Bd6 26. Rc2 Bc8 27. Re1 Bf5 28. Rc3 Bd3 29. Bf1 Bxf1 30. Rxf1 Be5 31. Bxc5 Bxc3 32. bxc3 Qf5 33. Re1 Rxe1+ 34. Qxe1 Rxd5 35. Bb4 Qf3 0-1

[Event "45th Olympiad 2024"]
[Site "Budapest HUN"]
[Date "2024.09.22"]
[Round "11.39"]
[Board "1"]
[White "Baburin, Alexander"]
[Black "Khoder, Akram"]
[Result "1-0"]
[WhiteElo "2376"]
[BlackElo "2239"]
[PlyCount "117"]
[EventDate "2024.09.11"]
[WhiteTeam "Ireland"]
[BlackTeam "Lebanon"]
[WhiteTeamCountry "IRL"]
[BlackTeamCountry "LBN"]

1. d4 {Sagar,Shah/CB Website} Nf6 2. c4 g6 3. Nf3 Bg7 4. g3 d5 5. cxd5 Nxd5 6. Bg2 Nb6 7. O-O Nc6 8. e3 O-O 9. Nc3 Re8 10. b3 e5 11. Nxe5 Nxe5 12. dxe5 Bxe5 13. Bb2 c6 14. Qc2 Qe7 ({RR} 14... f5) 15. Rad1 a5 ({RR} 15... Bg4 16. f3 Be6 17. f4 Bg7 18. e4 Rad8 19. e5 Bg4 20. Bf3 ({RR} 20. Rxd8 Rxd8 21. Ne4) 20... Rxd1 21. Qxd1 Rd8 22. Qe2 Bxf3 23. Rxf3 f6 24. exf6 Qxe2 25. Nxe2 Bf8 ({RR} 25... Rd2 26. fxg7 Rxb2 27. Nc3 Kxg7) 26. Bd4 Kf7 27. Rc3 Nd5 28. Rc4 Nxf6 29. Kg2 Nd5 30. Kf3 {0-1 Giri,A (2784)-Vachier Lagrave,M (2773) London Classic 7th Tiebreak rapid 2015 (1.2)}) 16. f4 $146 ({RR} 16. Ne2 a4 17. Bxe5 Qxe5 18. Rd4 axb3 19. Qxb3 Qa5 20. Nf4 Nd7 21. Rc1 Qxa2 22. Qxa2 Rxa2 23. Bh3 Ne5 24. Kg2 Bxh3+ 25. Nxh3 Ng4 26. Rcd1 h5 27. R4d2 Rxd2 28. Rxd2 b5 29. Rc2 Rc8 30. Nf4 c5 {½-½ Bleau,J (1902)-Chiffot,N (2069) Montcalm-ch 2010-11 2011 (5)}) ({RR} 16. e4 Qc5 17. Kh1 a4 18. f4 Bg7 19. f5 Be5 20. Qd2 axb3 21. axb3 Qb4 22. Na4 Qxd2 23. Rxd2 Nxa4 24. Bxe5 Nc5 25. Bc3 Nxb3 26. Rdf2 Ra4 27. fxg6 fxg6 28. Rf7 Nd4 29. Bd2 Ra2 30. Bc3 Ra4 {½-½ Li,G (2115)-Gong,Q (2370) Belt and Road Hunan op-B 2019 (2)}) ({RR} 16. Ne2 Bxb2 17. Qxb2 a4 18. Qd4 c5 19. Qd6 Bg4 20. Qxe7 Rxe7 21. Rfe1 axb3 22. axb3 Ra2 23. Rd8+ Kg7 24. Nc3 Rb2 25. Rb1 Rxb1+ 26. Nxb1 Be6 27. Nd2 c4 28. bxc4 Nxc4 29. Nf3 Rd7 30. Rxd7 Bxd7 {½-½ Estrella Becerra,F (2071)-Ruiz,A (2199) Bogota Mayores Distrital op 07 2011 (3)}) 16... Bg7 17. e4 a4 18. f5 axb3 19. axb3 Qc5+ 20. Qf2 Nd7 21. Na4 Qxf2+ 22. Rxf2 b5 23. Nc3 Be5 24. g4 Nc5 25. b4 Nd7 26. Nb1 Bxb2 27. Rxb2 Ne5 28. h3 Nc4 29. Rb3 Ra2 30. e5 Kg7 31. Bxc6 Rxe5 32. Nc3 Rc2 33. Nxb5 Ne3 34. Nd4 Rc4 35. Rdd3 Rc1+ 36. Kh2 Nf1+ 37. Kg2 gxf5 38. gxf5 Kf6 39. b5 Rce1 40. Kf2 Bxf5 41. Rf3 Nd2 42. Rxf5+ Rxf5+ 43. Kxe1 Nxb3 44. Nxb3 Ke7 45. b6 Kd6 46. b7 Kc7 47. Bg2 Rb5 48. Nd4 Rb2 49. Kf1 Rb4 50. Ne2 Rb6 51. Kf2 Rf6+ 52. Bf3 Rb6 53. Nf4 Rb2+ 54. Kg3 Kd6 55. Nd3 Rb5 56. Kf4 f6 57. Nf2 f5 58. Nd3 Ke6 59. Nc5+ 1-0

[Event "45th Olympiad 2024"]
[Site "Budapest HUN"]
[Date "2024.09.22"]
[Round "11.39"]
[Board "2"]
[White "Arkadan, Adib"]
[Black "Kanyamarala, Tarun"]
[Result "0-1"]
[WhiteElo "2181"]
[BlackElo "2361"]
[PlyCount "68"]
[EventDate "2024.09.11"]
[WhiteTeam "Lebanon"]
[BlackTeam "Ireland"]
[WhiteTeamCountry "LBN"]
[BlackTeamCountry "IRL"]

1. d4 Nf6 2. c4 e5 3. dxe5 Ng4 4. e4 Nxe5 5. f4 Nec6 6. Nf3 Bc5 7. Bd3 ({RR} 7. a3 a5 8. Nc3 d6 9. Qd3 O-O 10. Bd2 Bg4 11. O-O-O Nd7 12. h3 Bxf3 13. gxf3 Nf6 14. Nd5 Nxd5 15. cxd5 Ne7 16. Kb1 c6 17. dxc6 bxc6 18. f5 f6 19. Rh2 d5 20. Rg2 Kh8 21. Bc1 Ra7 {0-1 Ivanchuk,V (2710)-Budnikov,A (2520) Moscow blitz 1993}) ({RR} 7. a3 a5 8. Nc3 d6 9. Bd3 O-O 10. Qe2 Bg4 11. Be3 Nd4 12. Qf2 Nb3 13. Rd1 Nc6 14. Bxc5 Nxc5 15. Bc2 Ne6 16. Nd5 Bxf3 17. gxf3 Ne7 18. Qg3 c6 19. Nf6+ Kh8 20. Nxh7 Kxh7 21. e5+ g6 {½-½ Kumpulainen,K (1987)-Rehn,R (2101) 32nd Heart of Finland Op 2024 (8.10)}) 7... d6 8. Nc3 a5 9. Nd5 $146 ({RR} 9. Qe2 Bg4 10. Be3 Na6 11. O-O-O Qd7 12. h3 Bxf3 13. Qxf3 O-O-O 14. Bc2 f6 15. Ba4 Qf7 16. Bxc6 bxc6 17. b3 Rhe8 18. Bd2 Ba3+ 19. Kb1 f5 20. g4 fxe4 21. Nxe4 d5 22. Ng5 Qf6 23. Qc3 dxc4 {½-½ Pedersen,C (2254)-Semcesen,D (2097) Nordic School-ch U18 2002 (1)}) 9... O-O 10. Be3 Na6 11. Qd2 Ncb4 12. O-O Nxd3 13. Qxd3 c6 14. Nc3 Nb4 15. Qe2 Bxe3+ 16. Qxe3 Nc2 17. Qd2 Nxa1 18. Rxa1 f5 19. Re1 a4 20. Kh1 Ra5 21. h3 Re8 22. Nd4 Bd7 23. exf5 Rxe1+ 24. Qxe1 Bxf5 25. Ncb5 cxb5 26. Nxf5 Ra8 27. Qe4 Qd7 28. Qd5+ Qf7 29. Qxb5 Rf8 30. Nxd6 Qxf4 31. Qd5+ Kh8 32. b3 a3 33. Nxb7 Qg3 34. Kg1 Re8 0-1

[Event "45th Olympiad 2024"]
[Site "Budapest HUN"]
[Date "2024.09.22"]
[Round "11.39"]
[Board "3"]
[White "O'Gorman, Tom"]
[Black "Assaad, Joe"]
[Result "1-0"]
[WhiteElo "2353"]
[BlackElo "2150"]
[PlyCount "61"]
[EventDate "2024.09.11"]
[WhiteTeam "Ireland"]
[BlackTeam "Lebanon"]
[WhiteTeamCountry "IRL"]
[BlackTeamCountry "LBN"]

1. Nf3 d5 2. e3 c5 3. b3 Nc6 4. Bb2 Nf6 5. Bb5 Bd7 6. O-O e6 7. d4 a6 8. Bd3 Rc8 ({RR} 8... cxd4 9. exd4 Bd6 10. a3 O-O 11. Nbd2 Ne7 12. Ne5 Bb5 13. c4 dxc4 14. bxc4 Bc6 15. Nxc6 Nxc6 16. Nf3 Rc8 17. Re1 Bb8 18. Qe2 Rc7 19. Rad1 Rd7 20. Bc2 Ba7 21. Ba4 Nxd4 22. Bxd4 Rxd4 23. Nxd4 {1-0 Artemiev,V (2731)-Karjakin,S (2754) Wch Blitz Moscow 2019 (6)}) 9. a3 Bd6 $146 ({RR} 9... cxd4 10. exd4 g6 11. c4 Bg7 12. Nbd2 O-O 13. Re1 Nh5 14. Bf1 Re8 15. c5 f5 16. b4 Nf6 17. Ne5 Ne4 18. Nxc6 Bxc6 19. a4 Ra8 20. Nb3 f4 21. f3 Ng3 22. Nc1 Nxf1 23. Kxf1 b6 24. Nd3 {1-0 Bezuidenhout,R (2254)-Bradbury,N (2182) 4NCL Div 2 2023-24 (10.33)}) ({RR} 9... b5 10. c4 dxc4 11. bxc4 cxd4 12. exd4 bxc4 13. Bxc4 Nb8 14. Nbd2 Be7 15. Ne5 O-O 16. Qe2 Nd5 17. Ne4 Be8 18. Nc5 a5 19. Qg4 Nf6 20. Qh3 Nbd7 21. Rfd1 Nb6 22. Ba6 Rb8 23. Bc3 Na4 24. Be1 {½-½ Heberla,B (2549)-Zilka,S (2609) TCh-AUT 2023-24 (3.2)}) 10. Nbd2 O-O 11. Qe2 Re8 12. dxc5 Bxc5 13. c4 e5 14. cxd5 Nxd5 15. Rfd1 Nf6 16. Ne4 Qe7 17. Nxf6+ gxf6 18. Be4 Bg4 19. h3 Bh5 20. b4 Ba7 21. Rac1 Nb8 22. Qd3 Bg6 23. Nh4 Rcd8 24. Qc2 Bb6 25. Nf5 Qe6 26. g4 Nc6 27. Bd3 Rc8 28. Qe2 Bxf5 29. Bxf5 Qe7 30. Rd7 Qf8 31. Rxb7 1-0

[Event "45th Olympiad 2024"]
[Site "Budapest HUN"]
[Date "2024.09.22"]
[Round "11.39"]
[Board "4"]
[White "Kassis, Antoine LIB"]
[Black "Fitzsimons, David"]
[Result "0-1"]
[WhiteElo "2085"]
[BlackElo "2315"]
[PlyCount "80"]
[EventDate "2024.09.11"]
[WhiteTeam "Lebanon"]
[BlackTeam "Ireland"]
[WhiteTeamCountry "LBN"]
[BlackTeamCountry "IRL"]

1. e4 e6 2. d4 d5 3. Nc3 Nf6 4. Bg5 h6 5. Bxf6 Qxf6 6. Nf3 Bb4 7. e5 Qd8 8. a3 Bxc3+ 9. bxc3 c5 10. Be2 Qa5 11. Qd2 Nc6 12. c4 $146 ({RR} 12. a4 Bd7 13. h4 Rc8 14. Rh3 cxd4 15. cxd4 Qxd2+ 16. Kxd2 Na5 17. Rg3 g6 18. Ne1 Ke7 19. Rc3 Rxc3 20. Kxc3 Rc8+ 21. Kb2 Nc4+ 22. Bxc4 Rxc4 23. c3 Rxa4 24. Rxa4 Bxa4 25. f4 a5 26. g3 Bd1 {1-0 Becerra,J (2316)-Juknis,P (2114) Titled Tue 17th Jan Early 2023 (11)}) 12... dxc4 13. Qxa5 Nxa5 14. dxc5 Ke7 15. Nd2 Rd8 16. Nxc4 Nxc4 17. Bxc4 Rd4 18. Bd3 Rd5 19. f4 Rxc5 20. Kd2 Bd7 21. Rhb1 Bc6 22. g3 Rd8 23. Rb4 b6 24. Ke3 g5 25. Rc4 Rxc4 26. Bxc4 Rg8 27. Rd1 gxf4+ 28. gxf4 Rg2 29. Rd2 Rg1 30. Rd6 Bd7 31. Rd2 Ra1 32. Rd3 b5 33. Bb3 Rxa3 34. Kd2 a5 35. Kc1 Ra1+ 36. Kb2 Rf1 37. Rh3 Rxf4 38. Rxh6 Rf5 39. Rh8 Rxe5 40. h4 Kf6 0-1